00977nam a2200289Ia 450000500170000000800410001702000150005810000170007324500800009025000190017030000660018953400210025565000420027665000400031865000350035865000360039370000250042970000390045494200150049326400300050833600270053833700330056533800280059804000350062608400110066199900150067220220317000737.0160601s2004 sp a g 000 0 spa  a84488195511 aGutman, Anne10aQuiero un león! cAnne Gutman, Xavier Deneux ; traducción María Casas a1a. edición  a[14] páginas sin enumerar bilustraciones en color c17 cm  tJe veux un lion!142LEMBaÁlbumes infantiles franceses 142LEMBaLiteratura infantil francesa 142LEMBaLeones en la literatura 142LEMBaNiñas en la literatura 1 aDeneux, Xavier999651 aCasas, María,etraductor 953834 2loccBKINF aBarcelona bBeascoac2004 atextobtxt2rdacontent asin mediaciónbn2rdamedia avolumenbnc2rdacarrier aCO-BoRNBPbspaerdacCO-BoRNBP aA GUT1 c4931d4931